Statistics for Nejmenší státy světa - podle počtu obyvatel

Click here to take the quiz!

General Stats

  • This quiz has been taken 144 times
  • The average score is 23 of 40

Answer Stats

Počet obyvatelNázev státu% Correct
594Vatikán
98%
77 543Andorra
91%
33 607San Marino
91%
38 100Monako
86%
38 747Lichtenštejnsko
84%
626 100Lucembursko
84%
514 564Malta
74%
178 696Svatá Lucie
66%
875 900Kypr
64%
219 161Svatý Tomáš a Princův ostrov
63%
10 566Tuvalu
63%
272 459Vanuatu
63%
71 991Dominika
61%
884 887Fidži
60%
11 550Nauru
58%
110 947Svatý Vincenc a Grenadiny
58%
459 500Brunej
56%
17 930Palau
56%
555 988Kapverdy
55%
118 700Kiribati
55%
54 600Marshallovy ostrovy
55%
686 878Šalomounovy ostrovy
55%
100 651Tonga
55%
105 500Mikronésie
54%
98 462Seychely
54%
195 979Samoa
51%
97 928Antigua a Barbuda
50%
287 000Barbados
50%
758 316Komory
50%
569 000Černá Hora
49%
366 176Maledivy
49%
393 248Bahamy
48%
741 700Bhútán
48%
112 519Grenada
48%
364 134Island
48%
380 010Belize
46%
53 192Svatý Kryštof a Nevis
44%
586 634Surinam
38%
988 002Džibutsko
36%
746 955Guyana
29%

Score Distribution

Percentile by Number Answered

Percent of People with Each Score

Your Score History

You have not taken this quiz